000 00655nam a2200217Ia 4500
005 20250508165427.0
008 008 250505s9999 xx 000 0 eng d
020 _a978-0-415-52527-5
037 _aTextBook
040 _aFEDL
_beng
_cFEDL
041 _aeng
_2eng
084 _a372.21, HEL/R
_qFEDL
100 _aHalpenny Ann marie
_9780813
245 0 _aIntroducing Piaget: A guide for practitioners and students in early years education
260 _aLondon, UK
_bRoutledge
_c2014
300 _aix, 173p.
365 _aGBP
_b20.99
700 _a Pettersen Jan
_9780814
942 _cTB
_h372.21, HEL/R
999 _c1395049
_d1395049